00413 2200169 4500001002100000005001500021035002000036007000300056008004100059082001100100084002100111100001900132245002200151260003800173300001600211990001600227INLIS00000000000055120210602112729 a0010-0621000016ta210602 g 0 ind  a297.61 a297.61 SAL s.c.10 aSolichin Salam1 aSekitar Walisanga aYogyakarta :bMenara Kudus,c1960 a70 ;c21 cm a1990/p/0005